| 000 | 00514nam a2200205 a 4500 | ||
|---|---|---|---|
| 001 | BRCA_4775 | ||
| 005 | 20190320204811.0 | ||
| 008 | 071010s1910----gw-a######---#000-0#ger-# | ||
| 041 | _ager | ||
| 044 | _agw | ||
| 050 | 4 |
_aGV1559 _b.Z38 1910 |
|
| 245 | 1 | 0 |
_aZauber Kunststücke _cherausgegeben von A. Czepa. |
| 260 |
_aRavensburg, Alemania _bO. Maier _c[1910] |
||
| 300 |
_a60 p. _bil. _c19 cm. |
||
| 440 | 0 |
_aSpielbucker _v7 _912070 |
|
| 500 | _aK5 | ||
| 650 | 1 | 4 |
_aMagia _912071 |
| 902 | _aGFM | ||
| 942 |
_2lcc _cB |
||
| 999 |
_c4472 _d4472 |
||